[Event "Zonal Lvov"]
[Site "Lvov"]
[Date "1978.??.??"]
[Round "6"]
[White "Gulko, Boris F"]
[Black "Savon, Vladimir A"]
[Result "1-0"]
[WhiteElo "2575"]
[BlackElo "2560"]
[Annotator "Moiseev,V"]
[PlyCount "48"]
[EventDate "1978.04.??"]
[EventType "tourn"]
[EventRounds "15"]
[EventCountry "URS"]
[EventCategory "13"]
[SourceTitle "MCL"]
[Source "ChessBase"]
[SourceDate "1999.07.01"]
[SourceVersion "1"]
[SourceVersionDate "1999.07.01"]
[SourceQuality "1"]

1. d4 Nf6 2. c4 e6 3. Nc3 c5 4. d5 exd5 5. cxd5 d6 6. e4 g6 7. f4 Bg7 8. Bb5+
Nfd7 9. a4 O-O (9... a6) (9... Qh4+) 10. Nf3 Na6 11. O-O Nc7 (11... Nb4) 12.
Bd3 a6 13. Qe1 (13. Nd2 Nf6 $1 14. h3 $5 (14. Nc4 Bg4 $1 {Lukacs/}) 14... Rb8
15. a5 Re8 $1 {N} (15... b5) (15... Bd7) 16. Nc4 Nb5 $132 {Lukacs,P-Maus,So/
Budapest/1990/0:1/34/}) (13. Kh1 Rb8 14. f5 b5 15. axb5 Nxb5 16. Bg5 Qc7 17.
Bxb5 axb5 18. e5 f6 $5 $13 {Schrancz,I-Tseitlin,Mikh/corr/1985/0:1/}) 13... Rb8
14. e5 $5 (14. a5 $5 b5 15. axb6 Nxb6 16. f5 Nd7 17. Bg5 f6 18. Bc1 g5 19. Nd1
g4 $5 20. Nd2 Ne5 21. Be2 Rb4 22. Qh4 Qe8 23. Nf2 Nb5 24. Bxg4 Nd4 $13 {
Siniavsky-Kapengut,A/URS/1976/}) 14... Nb6 15. f5 dxe5 16. fxg6 fxg6 (16...
hxg6 $2 17. Ng5 f6 18. Nh7 $1 {Gulko/} Kxh7 19. Qh4+ Kg8 20. Bxg6 Rf7 21. Qh7+
Kf8 22. Bh6 $18) 17. Bg5 Qd6 18. Qh4 Ncxd5 $6 (18... Nbxd5 $1 19. Rad1 Be6 20.
Bc4 Qc6 21. Bh6 $13 {Gulko/}) 19. Rad1 c4 20. Nxd5 (20. Be4 $1 Qc5+ 21. Kh1 Be6
(21... Ne3 $2 22. Be7 $18) (21... Nf6 22. Nxe5 $1 Nxe4 (22... Qxe5 23. Bf4) 23.
Rxf8+ Qxf8 24. Rd8 $18) 22. Be3 $1 Nxe3 (22... Qxe3 23. Ng5 $18) 23. Ng5 h6 24.
Nxe6 Rxf1+ 25. Rxf1 Qd6 26. Rf6 $1 $16) 20... cxd3 21. Ne7+ Kh8 22. Nxe5 $1 $18
Bf5 23. Rxf5 Bxe5 24. Rxe5 Rf7 1-0

[Event "Warsaw Najdorf Memorial"]
[Site "Warsaw"]
[Date "2008.08.05"]
[Round "4"]
[White "Sasikiran, Krishnan"]
[Black "Berg, Emanuel"]
[Result "1-0"]
[WhiteElo "2684"]
[BlackElo "2592"]
[Annotator "Sasikiran,K"]
[PlyCount "73"]
[EventDate "2008.08.02"]
[EventType "tourn"]
[EventRounds "9"]
[EventCountry "POL"]
[EventCategory "15"]
[SourceTitle "CBM 126"]
[Source "ChessBase"]
[SourceDate "2008.10.01"]
[SourceVersion "1"]
[SourceVersionDate "2008.10.01"]
[SourceQuality "1"]

1. d4 Nf6 2. c4 c5 3. d5 e6 4. Nc3 exd5 5. cxd5 d6 6. e4 g6 7. f4 Bg7 8. Bb5+
Nfd7 9. a4 Qh4+ 10. g3 Qd8 (10... Qe7 11. Nf3 O-O 12. O-O Na6 13. f5 Nb4 14.
Bg5 Bf6 15. Bh6 Rd8 16. Qd2 Ne5 17. Nxe5 Bxe5 18. Rae1 a6 19. Bc4 Re8 20. Kg2
Bd7 21. h3 Rab8 22. a5 b6 23. axb6 Rxb6 24. Rf3 f6 25. Be3 Kh8 26. Bg1 Qg7 27.
Bf2 Rg8 28. Qc1 h5 29. Rf1 Qh7 30. Be1 g5 31. Rh1 g4 32. Rff1 Be8 33. hxg4 Rxg4
34. Be2 Rg5 35. Rh3 Qg7 36. Qd1 Kg8 37. Rfh1 Rb8 38. b3 Rc8 39. Nb1 $3 {
/\ Nd2-f3} Bb5 40. Kf1 Bxe2+ 41. Qxe2 Bd4 42. Rxh5 Rxh5 43. Rxh5 Re8 44. Rh4
Kf8 45. Qh2 Qg5 46. Bd2 Be3 47. Rh8+ {1-0 CM10th Xperience (2761)-Smarthink 1.
00 32-bit (2756)/CCRL 2006}) 11. Nf3 O-O 12. O-O Na6 13. f5 $5 $146 {An
inspiration from the above mentioned game. When preparing for the game, I was
intrigued by the fact that White played f5 (giving up control over e5)
restricting the Bc8 and proceeded to advance on the kingside quite easily. In
this specific case, space & manoeuvrability plays an important role also
considering the fact that the Na6 will find it difficult to come to the
kingside. And moves like Nb1!! create a great impression....} (13. Re1 Nc7 14.
Bf1 Re8 {with a complex game ahead} (14... Nf6 15. h3 a6 16. Be3 Rb8 17. Bg2
$13 {1/2-1/2 Hulak,K (2515)-Zelcic,R (2380)/Croatia 1992/EXT 2004 (60)})) 13...
Nf6 {There were several worthy alternatives to the text move.} (13... Nb4 14.
Bg5 Bf6 15. Bh6 Re8 16. Qd2 a6 17. Bxd7 Bxd7 18. Bg5 (18. g4 $6 c4 19. Ng5 Nd3
$36) 18... gxf5 (18... c4 19. fxg6 fxg6 20. Bxf6 Qxf6 21. Ng5 $16) 19. exf5 $13
) (13... Nc7 14. Bxd7 $5 (14. Bd3 $5) 14... Qxd7 (14... Bxd7 15. Bf4 Ne8 16.
Qd2 c4 (16... gxf5 17. e5 $44 {with good compensation for the pawn.}) 17. Bh6
Qb6+ 18. Rf2 Nf6 19. h3 $5 $13 {with g4 to follow.}) 15. Bf4 Re8 16. Qd2 b5 17.
axb5 Nxb5 18. Bh6 Nxc3 19. bxc3 f6 $13) (13... gxf5 $6 {breaking up the
kingside is bad especially when White has the possibility of establishing a
knight on f5.} 14. Nh4 $1 fxe4 (14... Nf6 15. Nxf5 Bxf5 16. Rxf5 $16) (14...
Bd4+ 15. Kh1 fxe4 16. Nxe4 $16) 15. Nf5 Ne5 16. Nxg7 Kxg7 17. Nxe4 f5 18. Qh5
$40) 14. Bf4 $6 (14. fxg6 $1 hxg6 (14... fxg6 15. e5 dxe5 16. Nxe5 Bh3 17. Rf3
$14) 15. Bg5 Bh3 16. Rf2 Qb8 17. Bxf6 Bxf6 18. e5 dxe5 19. Ne4 {with good
chances to seize the initiative}) 14... gxf5 $1 (14... Nb4 15. Bc4) 15. e5 $5 (
15. Bg5 $5 h6 16. Bh4 Nb4 $1 (16... Qc7 17. exf5 Nb4 $5 (17... Bxf5 18. Nd2 Bg4
19. Be2 Bxe2 20. Qxe2 Rae8 21. Qf3 Nd7 22. Nb5 Ne5 23. Qh5 Qd7 24. Bf6 Qg4 25.
Qxg4 Nxg4 26. Bxg7 Kxg7 27. Nc4 $14) 18. Qd2 $14) 17. Nd2 a6 18. Be2 Re8 19.
exf5 Bd7 $13) 15... Ne4 $6 (15... dxe5 16. Nxe5 (16. Bxe5 Nb4 17. Qb3 (17. Bc4
Bh6 18. Re1 Ng4 $15) 17... Bh6 $1 $13) 16... Nb4 17. Bc4 Re8 18. Qd2 $13) 16.
Re1 $6 (16. Bxa6 bxa6 17. exd6 Nxd6 18. Qc2 Rb8 19. Rae1 $44) 16... Nb4 17. Bc4
a6 $6 (17... dxe5 18. Nxe5 Nd6 $1 (18... Bxe5 19. Bxe5 Re8 20. Bf4 Bd7 21. Nb5
Bxb5 22. Bxb5 Qxd5 23. Qxd5 Nxd5 24. Bxe8 Rxe8 25. Rad1 Nxf4 26. gxf4 Re6 27.
Rd5 $14) 19. Bb3 (19. b3 Re8 $132) 19... Re8 20. Qf3 Bd7 21. Rac1 $13) 18. a5
$2 {Creating an unnecessary weakness on a5 to which the rook on a1 is tied
down.} ({In calculating} 18. e6 $1 fxe6 (18... Re8 19. exf7+ Kxf7 20. Ng5+ Kg6
(20... Nxg5 21. Qh5+ Kf8 22. Rxe8+ Qxe8 23. Bxd6+ $18) (20... Qxg5) 21. Ngxe4
fxe4 22. Nxe4 Be5 23. Be2 $5 $36) 19. dxe6 d5 {I missed the simple} 20. e7 $1 (
20. Bg5 Qe8 21. Nxd5 Bxe6 22. Nc7 Bxc4 23. Nxe8 Raxe8 {with a lot of
counterplay}) 20... Qxe7 21. Nxd5 Nxd5 22. Qxd5+ Kh8 23. Ne5 Bf6 24. Nf7+ (24.
Rad1 $5 Ra7 $5 (24... Kg7 25. Ng4 $1 $36) 25. Nf7+ Rxf7 26. Qxf7 Qxf7 27. Bxf7
b5 (27... Kg7 28. Bd5 Bxb2 29. Bxe4 fxe4 30. Rxe4 b5 31. axb5 axb5 32. Be5+
Bxe5 33. Rxe5 $16) 28. Bd5 bxa4 29. Bxe4 fxe4 30. Rxe4 Bf5 31. Re3 Bxb2 32.
Be5+ Bxe5 33. Rxe5 Bh3 34. Rxc5 (34. Ra1 $5) 34... Bd7 $16) 24... Rxf7 25. Qxf7
Qxf7 26. Bxf7 Bxb2 27. Rab1 Bd4+ 28. Be3 $16) 18... dxe5 19. Nxe5 Re8 $2 (19...
Bxe5 20. Bxe5 Re8 21. Bf4 $44) (19... Nd6 $1 20. Bb3 (20. b3 Re8 21. Qd2 Bd7
22. Re3 Bb5 $1 23. Rae1 Qxa5 $1 $17) 20... Re8 (20... Bd7 21. Nxd7 (21. Qh5 Bb5
) 21... Qxd7 22. Na4 Bd4+ 23. Be3 Bxe3+ 24. Rxe3 Qc7 25. Qh5 c4 26. Qg5+ Kh8
27. Qf6+ Kg8 $11) 21. Qf3 (21. Qh5 Bd7 22. Na4 Bxa4 23. Bxa4 Re7 $15) 21... Bd7
22. Nxd7 Qxd7 23. Rxe8+ Rxe8 24. Bxd6 Qxd6 25. Qxf5 c4 26. Rf1 $1 $132) 20.
Nxe4 (20. Nxf7 Kxf7 21. d6+ Kg6 22. Qh5+ Kxh5 23. Bf7+ Kg4 24. Kg2 {The idea
of a queen sacrifice followed by a quiet king move is quite pretty} {but there
is no mate after} Ng5 $19) 20... fxe4 21. Rxe4 (21. Qh5 $1 Qf6 22. Rxe4 Bf5 23.
Bg5 (23. Rae1 $5) 23... Bg6 (23... Qxe5 24. Rxe5 Rxe5 25. Bf4 Bg6 26. Qxe5 Bxe5
27. Bxe5 $16) 24. Nxg6 hxg6 25. Bxf6 gxh5 26. Be7 $16 {followed by the advance
of the d-pawn.}) 21... Bf5 22. Nxf7 $1 Rxe4 (22... Bxe4 23. Nxd8 Raxd8 24. Qg4
$1 Kh8 25. Re1 Nc2 26. Be5 Bxe5 27. Rxe4 Ne3 28. Qh5 $18) (22... Qf6 23. Rxe8+
Rxe8 24. d6 Kf8 25. Ne5 $1 Rxe5 26. d7 Nc6 27. Bxe5 Qxe5 28. d8=Q+ Nxd8 29.
Qxd8+ Qe8 30. Qxe8+ Kxe8 31. Rf1 Bd4+ 32. Kg2 Be4+ 33. Kh3 $18) (22... Kxf7 23.
Qh5+ Bg6 24. d6+ Kf8 25. d7 $1 (25. Rxe8+ Qxe8 26. Qxc5 Qc6 (26... Nc6 27. Rf1
Bd4+ 28. Qxd4 Nxd4 29. Bh6#) (26... Rc8 27. d7+ Rxc5 28. Bd6+ Qe7 29. d8=Q+ Be8
30. Bxe7#) 27. Be3 $1 Nd3 28. Bxd3 Bxd3 29. d7+ Kf7 30. Qxc6 bxc6 31. Rd1 Rd8
32. Rxd3 Ke6 33. Rb3 Rxd7 34. Rb6 Kd5 35. Rxa6 Bxb2 36. Rb6 Bc3 37. a6 Ra7 38.
Kf2 $16) 25... Bxh5 26. Bd6+ Re7 27. Rf1+ Bf6 28. Rxe7 Qxe7 29. Rxf6+ Kg7 30.
Bxe7 $18) 23. Nxd8 Rxd8 24. Rc1 (24. Qb3 Kh8 25. Rf1 Ree8 26. d6 Bc2 27. Qa3
Re4 28. b3 Nd3 29. Kg2 Nxf4+ 30. Rxf4 Rxf4 31. gxf4 Bd4 32. b4 $18) 24... Kh8 (
24... Bd4+ 25. Kg2 Nxd5 26. Qh5 Kh8 27. Bxd5 Rxd5 28. Qf7 Be6 29. Be5+ Bxe5 30.
Qxe6 Rd2+ 31. Kf3 $18 (31. Kh3 $4 Rxh2+ $1 32. Kxh2 Bxg3+ 33. Kxg3 Rxe6 34.
Rxc5 Re3+ 35. Kg4 Rb3 $17)) (24... Bxb2 25. Qh5 Bg6 26. Qg5 Rd7 27. d6+ Kf8 (
27... Kh8 28. Qxc5 Bd4+ (28... Nc6 29. Rd1 $18) 29. Qxd4+ Rxd4 30. Be5+ Rg7 31.
Bxd4 $18) 28. Kg2 $3 {This surprising move prepares Qc5 and White wins.}) 25.
d6 Bxb2 26. Qh5 Bg6 (26... Rf8 27. Rf1 Rxc4 28. Be3 $18) 27. Qg5 Nc6 28. Bd5
Rxf4 29. gxf4 Rxd6 30. Re1 $1 Bd4+ 31. Kg2 Kg7 (31... Bg7 32. Re6 $18) 32. Bxc6
Bf6 33. Qg3 Rd2+ 34. Kh1 bxc6 35. f5 c4 36. fxg6 hxg6 37. Qc7+ 1-0

[Event "Wijk Cultural Village 20th"]
[Site "Wijk aan Zee"]
[Date "2015.11.23"]
[Round "7"]
[White "Hansen, Eric"]
[Black "Khomeriki, Nino"]
[Result "0-1"]
[WhiteElo "2573"]
[BlackElo "2308"]
[Annotator "Schulz,Andre"]
[PlyCount "40"]
[EventDate "2015.11.16"]
[EventType "tourn"]
[EventRounds "9"]
[EventCountry "NED"]
[EventCategory "7"]
[SourceTitle "CBM 169 Extra"]
[Source "ChessBase"]
[SourceDate "2015.12.18"]
[SourceVersion "1"]
[SourceVersionDate "2015.12.18"]
[SourceQuality "1"]

1. d4 Nf6 2. c4 c5 3. d5 e6 4. Nc3 exd5 5. cxd5 d6 6. e4 g6 7. f4 Bg7 8. Bb5+
Nfd7 (8... Nbd7 {galt früher als schlimmer Fehler, ist aber wohl auch
spielbar.} 9. e5 dxe5 10. fxe5 Nh5 11. e6 Qh4+ {usw.}) 9. Nf3 ({Die
Hauptvariante ist} 9. a4 O-O 10. Nf3 Na6 11. O-O Nc7 12. Bd3 a6) 9... O-O 10.
O-O (10. a4) 10... a6 11. Bd3 b5 12. Qe1 $5 ({Der meist gespielte Zug ist} 12.
Kh1) 12... Re8 {[#]} 13. Qg3 {Hansen folgt offenbar einer Partie Salem-Docx,
die nun mit 13...c4 14.Lc4 und erst jetzt 14...b4 fortgesetzt wurde. Die junge
Georgierin spielt aber sofort b4. Das machte einen wichtigen Unterschied aus,
denn der weiße Läufer steht auf hier auf d3 und nicht auf c2.} b4 ({In
besagter Partie geschah:} 13... c4 14. Bc2 b4 15. Na4 Nf6 16. f5 Bd7 17. Ng5 b3
18. axb3 cxb3 19. fxg6 hxg6 20. e5 Rxe5 21. Nxf7 Kxf7 22. Bxg6+ Kg8 23. Qh4
Bxa4 24. Bh7+ Kh8 25. Bg6+ Kg8 26. Rxa4 Qb6+ 27. Kh1 Qb5 $4 (27... Nbd7 $11)
28. Raf4 ({Stärker war} 28. Rxf6 $1 Re1+ (28... Bxf6 29. Qh7+ Kf8 30. Qf7#)
29. Qxe1 Qd7 30. Qh4 Bxf6 31. Qxf6 {mit baldigem Matt.}) 28... Qxd5 29. Bh7+ $2
({Es gewann wieder} 29. Rxf6 $1 Bxf6 30. Qh7+ Kf8 31. Bh6#) 29... Nxh7 30. Qd8+
Nf8 31. Rxf8+ Kh7 32. R8f3 a5 $2 ({Besser sofort} 32... Ra7 33. Qxb8 Rf7 $1 34.
Rxf7 Qxf7 $11) 33. Rg3 $2 ({Es gewann} 33. Rh3+ Rh5 34. Rxh5+ Qxh5 35. Rf3 $18)
33... Ra7 34. Qxb8 Rf7 35. Rg1 a4 $11 36. Qc8 Rh5 37. Qe8 Qc4 (37... Rh4 $11)
38. Bg5 a3 39. Rf3 Rxg5 40. Rxf7 a2 {Der Bauer a2 ist ein Trumpf, aber der
schwarze König steht gefährdet.} 41. Rf3 Qd4 $2 (41... Bxb2 $2 42. Rh3+ Kg7
43. Qe7+ Kg8 44. Qxg5+ {und Schwarz wird Matt.}) ({Richtig war} 41... Rg6 $11)
42. Rgf1 ({Oder} 42. Rh3+ Bh6 43. Qd7+ Rg7 44. Qf5+ Rg6 45. Re1 {war
zwingender.}) 42... Qxb2 43. Rh3+ Bh6 44. Qe4+ Kg8 45. Qe6+ {1-0 (45) Salem,A 
(2564)-Docx,S (2468) Caleta 2014}) 14. Na4 ({Eine Vorgängerpartie gibt es
noch:} 14. Nd1 Nf6 15. f5 Nxe4 16. Bxe4 Rxe4 17. Ng5 Bxf5 18. Rxf5 gxf5 19.
Nxe4 fxe4 20. Bh6 Qf6 21. Bxg7 Qxg7 22. Qxd6 Qd4+ 23. Kh1 a5 24. Qd8+ Kg7 25.
Qg5+ Kh8 26. Qd8+ Kg7 27. Qg5+ Kh8 28. Qd8+ {1/2-1/2 (28) Gil Capape,J (2434)
-Glavina,P (2427) Aragon 2003}) 14... Nf6 {[#]} (14... Qa5 $5 15. Bc2 Nf6) 15.
f5 ({In Betracht kam} 15. e5 $5 dxe5 16. fxe5 Nxd5 17. Be4 Be6 18. Nxc5 Nd7 $44
{aber Weiß wandelt auf den Spuren der Partie Salem-Docx}) 15... Bd7 {[#]} 16.
Ng5 (16. e5 $5 dxe5 17. Ng5 e4 $13) 16... Bxa4 {Upss, hier gibt es keinen
Läufer auf c2, der den Sa4 deckt.} 17. e5 $2 ({Die richtige Fortsetzung des
Angriffs war} 17. fxg6 fxg6 18. Nxh7 Nxh7 19. Qxg6 {Nach} Ra7 20. e5 Qh4 21.
Rf4 Qh6 22. Qg3 dxe5 23. Rh4 {muss Schwarz die Dame geben:} Qxh4 24. Qxh4 e4
25. Be2 Bd4+ 26. Kh1 Kh8 $13 {Schwarz hat einen Turm und zwei Springer für
die Dame und wohl die besseren Chancen.}) 17... Rxe5 18. fxg6 fxg6 ({Aber nicht
} 18... hxg6 $2 19. Nxf7 Kxf7 20. Qxg6+ Kf8 21. Bh6 $18) 19. Nxh7 ({Auch nach} 
19. Ne6 Qe7 20. Nxg7 Qxg7 21. Bf4 Nbd7 $19 {ist Schwarz im Vorteil.}) 19...
Nxh7 20. Qxg6 Qh4 {und nun hatte Eric Hansen zurecht keinen Spaß mehr an der
Partie.} (20... Qh4 21. Bf4 Nf8 22. Qxd6 Nbd7 {und der Angriff verflüchtigt
sich.}) 0-1

[Event "St Petersburg White Nights"]
[Site "St Petersburg"]
[Date "1999.06.30"]
[Round "5"]
[White "Biriukov, Oleg V"]
[Black "Loginov, Valery A"]
[Result "0-1"]
[WhiteElo "2407"]
[BlackElo "2532"]
[Annotator "Stohl,I"]
[PlyCount "64"]
[EventDate "1999.06.26"]
[EventType "tourn"]
[EventRounds "9"]
[EventCountry "RUS"]
[EventCategory "8"]
[SourceTitle "CBM 072"]
[Source "ChessBase"]
[SourceDate "1999.10.01"]
[SourceVersion "1"]
[SourceVersionDate "1999.10.01"]
[SourceQuality "1"]

1. d4 Nf6 2. c4 e6 3. Nc3 c5 4. d5 exd5 5. cxd5 g6 6. e4 d6 7. f4 Bg7 8. Bb5+
Nfd7 9. a4 O-O 10. Nf3 Na6 11. O-O Nc7 12. Bd3 a6 13. Re1 $6 {As has already
been said in the notes to Lalic-Kotsur, this is not the square for White's R,
as he need it for a >> attack.} (13. Bd2 $142 Rb8 (13... Re8 14. Be1 $1 Rb8 15.
e5 dxe5 16. Bh4 Bf6 17. d6 Ne6 18. Bxf6 Qxf6 19. Nd5 Qg7 20. fxe5 Kh8 21. Qd2
b5 22. axb5 axb5 23. Rae1 c4 24. Bc2 Bb7 25. Nc7 Bxf3 26. Nxe8 Rxe8 27. Rxf3
Nxe5 28. Rfe3 $16 {Levitt,J-Norwood,D/London/1988/}) (13... Nf6 14. Be1 Ng4 15.
Bh4 $1 Qd7 16. Re1 $36) 14. a5 (14. Rc1 $6 b5 15. axb5 axb5 16. b3 Re8 17. Be1
b4 18. Nb1 Nb5 19. Bh4 Qa5 20. Nbd2 Nc3 21. Nc4 Qc7 22. Qc2 Ra8 23. Rce1 Ba6
24. e5 Bxc4 25. Bxc4 dxe5 26. fxe5 Nxe5 27. Nxe5 Rxe5 $1 28. Bg3 Rxe1 29. Bxc7
Bd4+ 30. Kh1 Raa1 $17 {Khamidullin,V-Fedorov,V/Moscow/1997/}) (14. Qe2 $5 b5
15. axb5 axb5 16. Nxb5 Nxb5 17. Bxb5 Qb6 18. Bc4 Qxb2 19. e5 Qb7 20. e6 $36 {
Gurevich,D-Levin,D/New York/1985/}) 14... b5 15. axb6 Nxb6 16. h3 $5 (16. Ra2
Nb5 17. Kh1 Re8 18. Be1 c4 19. Bc2 Qc7 20. e5 Nd7 21. e6 fxe6 22. dxe6 Nf6 23.
Ng5 Bxe6 24. Nxe6 Rxe6 25. f5 gxf5 26. Bxf5 Ree8 27. Rxa6 $16 {Ksieski,
Z-Pojedziniec,W/POL-chT Lubniewice/1981/}) 16... f5 17. e5 dxe5 18. Nxe5 Ncxd5
19. Nc6 Bd4+ 20. Kh2 Qc7 21. Nxd5 Nxd5 22. Nxb8 Qxb8 23. Bc4 Be6 24. Rxa6 $18 {
Sundararajan,K-Rudd,J/GBR-ch Scarborough/ 1999/}) 13... Nf6 {A playable, but
risky move, as now White's central advance will come with extra power.} ({
Also possible, as in the game, mentioned above, was} 13... Re8 $5 14. Be3 Rb8
15. a5 b5 16. axb6 Rxb6 17. Qc2 $5 (17. Qd2 Rb4 18. Rab1 Nf6 19. Bf2 Bg4 {
Lalic,B-Kotsur,P/WChT Lucerne/1997/} 20. Ng5 Nb5 21. h3 $13) 17... Nf6 (17...
Rb4 $5 $132) 18. h3 Bd7 19. Rad1 Qb8 (19... Nb5 $142) 20. Bc1 Qb7 21. Bc4 Bb5
22. b3 Nd7 23. e5 Bxc4 24. bxc4 dxe5 25. d6 Ne6 26. fxe5 $16 {Dobosz,H-Kuemin,
S/Vorarlberg/1998/}) 14. h3 Rb8 15. Bf1 $1 {[%csl Gd5,Ge4][%cal Ge4e5] [+]} (
15. Qb3 b5 16. axb5 axb5 17. Ra5 Ncxd5 18. Rxb5 Rxb5 19. Nxb5 Nb4 20. Bc4 Bb7
21. Ng5 d5 22. exd5 Bxd5 $11 {Strohmer,H-Granabetter,J/Vienna op-B/1998/})
15... b5 16. e5 Nfe8 (16... dxe5 17. d6 {/\fe5+/-}) 17. axb5 (17. Be3 Bb7 $1
$13 {/\} (17... bxa4 $5 18. Qd2 $14) (17... b4 18. Ne4 dxe5 (18... Bf5 19. Ng3
$16) 19. d6 Ne6 20. fxe5 Bb7 21. Ned2 Nxd6 22. exd6 Bxb2 23. Nc4 Bxa1 24. Qxa1
Bxf3 25. gxf3 Qh4 26. Bf2 Qg5+ 27. Kh1 Qf4 28. Ne5 $16 {Contini,L-Braunberger,
F/Lombardia op/1990/}) 18. exd6 Qxd6 19. Ne4 Qxd5 20. Bxc5 Qxd1 21. Raxd1 Bxe4
22. Rxe4 Nf6 $132) 17... axb5 (17... Nxb5 18. Ne4 $36) 18. Ne4 $6 {White
ignores development and goes for a quick hit-usually a bad idea.} ({Much
better was the analogical} 18. Be3 $142 $5 Bb7 $13) 18... Bb7 {[%csl Rd5,Re5]
<=>,ה} 19. exd6 Nxd6 20. Nxc5 Bxd5 21. Ne5 Nf5 $5 {A provocative exchange
sacrifice, Black's pieces are so well coordinated he can afford it.} (21... Ra8
22. Rxa8 Qxa8 23. b4 $11) 22. Ncd7 (22. Bd3 $5 Nh4 23. Be4 Bxe4 24. Nxe4 $11)
22... f6 23. Nxb8 (23. Nxf8 $2 fxe5 24. Nxg6 hxg6 25. fxe5 Ne6 $36) 23... fxe5
24. Na6 exf4 $1 25. Bxf4 (25. Nxc7 Bd4+ 26. Kh1 Qxc7 $40 {[%cal Rf4f3,Rf5g3] /
\f3,Ng3}) 25... Bd4+ 26. Kh2 (26. Kh1 $2 Nxa6 27. Rxa6 Qh4 $19 {[%csl Rf4,Rh3]
/\Qh3,Qf4}) 26... Ne6 27. Be5 $2 {[%mdl 128] White's sense of danger fails him
and Black unleashes a decisive attack.} ({The most prudent course was} 27. Rxe6
Bxe6 28. Nc7 Bf7 29. Nxb5 Bxb2 $11) (27. Qg4 Qb6 $5 28. Nb4 Nxf4 29. Qxf4 Bb7
$36) 27... Qh4 28. Qg4 (28. Bxd4 $142 Nexd4 29. Kg1 (29. Ra3 Qf4+ 30. Kg1 Ng3
31. Rxg3 Qxg3 $19 {/\} 32. Qxd4 Rxf1+ 33. Kxf1 Qxg2#) 29... Ne3 (29... Qg3 30.
Ra3 Nf3+ 31. Rxf3 Bxf3 32. Qb3+ Kg7 33. Qc3+ Kh6 34. Nc7 $36) 30. Rxe3 (30. Qd2
Qg5 $1 31. Rxe3 Nf3+ 32. Rxf3 Qxd2 $19) 30... Qf2+ 31. Kh2 Qxe3 $36) (28. Qe2
Nf4 29. Qg4 Qf2 $1 30. Bc4 bxc4 31. Bxf4 Nh4 $19) 28... Qf2 $1 $19 {/\Qg1#} 29.
Bxd4 (29. Bxb5 Bxg2 30. Qxg2 (30. Bxd4 Nexd4 31. Qxg2 Nf3+ 32. Kh1 Ng3+ $19)
30... Bxe5+ 31. Rxe5 (31. Kh1 Ng3+ 32. Kh2 Ng5 $1 $19) 31... Qf4+ 32. Kg1 Qxe5
$19 {[%cal Rf5e3,Re6f4] ->,/\Nf4,Ne3}) 29... Nexd4 30. Re2 (30. Re4 Bxe4 31.
Qxe4 Ne3 $19) (30. Be2 Ne3 31. Qg3 Nxe2 $19) 30... Nxe2 31. Qxe2 Qg3+ 32. Kg1 (
32. Kh1 Ne3 $19 {[%cal Rd5c4,Rf8f1] /\Rf1,Bc4}) 32... Nd4 {/\Nf3} 0-1

[Event "Budapest FS03 GM"]
[Site "Budapest"]
[Date "1993.??.??"]
[Round "6"]
[White "Arduman, Can"]
[Black "Szalanczy, Emil"]
[Result "0-1"]
[WhiteElo "2355"]
[BlackElo "2365"]
[Annotator "Stohl,I"]
[PlyCount "116"]
[EventDate "1993.03.??"]
[EventType "tourn"]
[EventRounds "11"]
[EventCountry "HUN"]
[EventCategory "8"]
[SourceTitle "CBM 037"]
[Source "ChessBase"]
[SourceDate "1993.12.01"]
[SourceVersion "1"]
[SourceVersionDate "1993.12.01"]
[SourceQuality "1"]

1. d4 Nf6 2. c4 c5 3. d5 e6 4. Nc3 exd5 5. cxd5 d6 6. e4 g6 7. f4 Bg7 8. Bb5+
Nfd7 9. a4 (9. Be2 $5 O-O 10. Nf3 Na6 11. O-O Nc7 12. a4 Re8 13. Qc2 Nf6 14.
Bd2 Bg4 15. Rae1 Na6 16. Bc4 Nb4 17. Qb3 Bxf3 18. Rxf3 Ng4 19. g3 f5 20. h3 $36
{Moskalenko,V-Magerramov,E/Rostov op/1993/}) 9... a6 $6 (9... O-O $142 10. Nf3
Na6 11. O-O Nc7 (11... Nb4 $6 12. Bd2 a6 13. Bc4 Rb8 14. Be1 Re8 15. Bh4 Bf6
16. Bxf6 Nxf6 17. e5 Nh5 18. Ng5 $16 {->,Bykhovsky,Av-Galego,L/Capelle op/1993/
}) 12. Bc4 a6 13. Re1 Nb6 14. Ba2 Bg4 15. h3 Bxf3 16. Qxf3 Nd7 17. Bc4 Rb8 18.
Qf1 Re8 19. Be3 b5 $132 {Chacere,L-Blees,A/Krumbach op/1991/}) 10. Bd3 O-O 11.
Nf3 Nf6 12. h3 (12. O-O Bg4 13. Qb3 $5 Bxf3 14. Rxf3 b6 15. Bd2 Nbd7 16. Re1
Ng4 17. g3 Re8 18. Kg2 $14 {Braga,F-Garcia,G/Palma op/1992/}) 12... Qa5 {N} (
12... c4 13. Bc2 b5 $6 14. axb5 Bb7 15. bxa6 Nxa6 16. Be3 Re8 17. O-O Nxe4 18.
Nxe4 f5 19. Nfg5 Nb4 20. Rxa8 Qxa8 21. Bd4 $1 $36 {Lukacs,P-Perenyi,B/Budapest
Noviki/1988/}) 13. O-O b5 14. e5 $36 {->[+]} Nh5 15. Ne4 (15. Bd2 $5 Qb6 16.
Kh2 $16) 15... c4 16. Bc2 dxe5 17. fxe5 Bf5 $8 18. Kh2 Nd7 19. g4 Bxe4 20. Bxe4
f5 $8 21. Bc2 fxg4 22. hxg4 Rxf3 23. Rxf3 Bxe5+ 24. Kh3 (24. Kg2 $142 $5) 24...
Nhf6 25. g5 Nh5 26. d6 $36 Re8 (26... b4 27. Be4 $18 {/\Qd5,Bd5}) 27. Qd5+ Kh8
28. Bd2 Qd8 29. Re1 b4 (29... Bxb2 30. axb5 axb5 31. Qxb5 $16) 30. Re4 (30.
Qxc4 $142 $16) 30... Bxb2 31. Rxe8+ (31. Rxc4 $2 Nb6 $15) 31... Qxe8 32. Bxb4
Bg7 (32... Ne5 33. d7 $5 Qxd7+ (33... Nxd7 34. Qxc4 Ne5 35. Bc3 Bxc3 36. Qxc3
Qe6+ 37. Kh2 $18) 34. Qxd7 Nxd7 35. Rf7 $16) 33. Qe4 Ne5 34. Re3 $2 (34. Rf1
$16 {<->f}) 34... Qf8 35. Re1 Nf4+ 36. Kh2 Ne6 $44 37. Qg2 $2 (37. Kg2 Nf4+ 38.
Kh2 Ne6 $10) (37. Kh1 $5) (37. d7 Qxb4 38. Qa8+ Bf8 39. Rxe5 Qd2+ $132) 37...
Nf3+ 38. Kh1 Nxe1 39. Bxe1 Qxd6 $19 40. Qa8+ Nf8 41. Qf3 Qe5 42. Bd2 Qb2 43.
Qe4 Qd4 44. Qe2 (44. Qxd4 Bxd4 45. Be4 c3 46. Bc1 Ne6 {/\Nc5-+}) 44... Be5 45.
Be4 Ne6 46. Kg2 Bf4 (46... Nf4+ $2 47. Bxf4 Bxf4 48. Bxg6 $1 hxg6 49. Qe8+ Kh7
50. Qf7+ Qg7 51. Qxf4 $15) 47. Be1 Bxg5 48. Qg4 Qe5 49. Qf3 Bf6 50. Bg3 Qb2+
51. Kh1 Ng5 52. Qg4 Qc1+ 53. Kh2 Qd2+ (53... Nxe4 $19) 54. Bg2 c3 55. Qc8+ Kg7
56. Qc7+ Nf7 57. Kh3 Qh6+ 58. Kg4 Qh5+ (58... Qh5+ 59. Kf4 Be5+ $19) 0-1